Programma di educazione permanente tecnico scientifica
Salvato in:
| Natura: | Libro |
|---|---|
| Lingua: | italiano |
| Pubblicazione: |
Torino :
COREP,
1988
|
| Soggetti: | |
| Tags: |
Nessun Tag, puoi essere il primo ad aggiungerne!!
|
MARC
| LEADER | 00000nam a22000003a 4500 | ||
|---|---|---|---|
| 001 | stu40931 | ||
| 005 | 20150408180632.6 | ||
| 008 | 930601s1988----it------------------ita-d | ||
| 040 | |a STU |b slo | ||
| 041 | 0 | |a ita | |
| 044 | |a it | ||
| 080 | |a 378(450.211)(082)(083.97) | ||
| 245 | |a Programma di educazione permanente tecnico scientifica | ||
| 260 | |a Torino : |b COREP, |c 1988 | ||
| 300 | |a 62 s | ||
| 650 | 7 | |a Školy vysoké talianske |2 stusub | |
| 650 | 7 | |a Turín |2 stusub | |
| 650 | 7 | |a programy |2 stusub | |
| 650 | 7 | |a zborníky |2 stusub | |
| 996 | |b MZ 217 |c M*Z-217 |l MMKN |s A |a 24 |w stu40931_0001 | ||